000 00290nam a2200121Ia 4500
100 _aMonday/ c.
942 _cBK
654 _aProduction
245 _aMilling Cutter Production & Calculation
260 _bMAchinerys Standard Reference Series
_c2001
082 _a621.9
546 _aENGLISH
999 _c34300
_d34300